La Penetración cultural a través de la educación
Shranjeno v:
| Format: | Texto |
|---|---|
| Oznake: |
Označite
Brez oznak, prvi označite!
|
MARC
| LEADER | 00000 a a2200000 04500 | ||
|---|---|---|---|
| 001 | 5058 | ||
| 003 | |||
| 040 | |||
| 245 | |a La Penetración cultural a través de la educación | ||
| 773 | |g número 88; páginas 26-29 | ||
| 999 | |c 39155 |d 39155 | ||
